000 01513nam1a22002891i 4500
001 v19\rc\1608168
005 20260406124657.0
035 _a(NLR Aleph) 004729057
090 _a4432530
_c4432530
100 _a20061002g18971907|||y0rusy50 ca
101 0 _arus
102 _aRU
105 _ay z |||||
200 1 _aОтчет о деятельности Сельскохозяйственного бюро при Елизаветградской уездной земской управе...
210 _aЕлизаветград
_d1897-1907
215 _d24
300 _aЗагл. за 1899 г.: Обзор деятельности Сельскохозяйственного бюро...; за 1903, 1905, 1906 гг.: Отчет С.-х. бюро...
300 _aС 1903 г. Елизаветградск. с.-х. бюро разделилось на 2 отд-ния: экономическое и торговое. С 1907 г. отчеты каждого отд-ния выходили отд. изд.
517 0 _aОбзор деятельности Сельскохозяйственного бюро...
517 0 _aОтчет С.-х. бюро...
710 0 2 _aЕлизаветградское уездное земское сельскохозяйственное бюро
_3RU\NLR\AUTH\8817600
_9308421
801 0 _aRU
_bNLR
_gpsbo
801 0 _aRU
_bRuMoRGB
_2psbo
801 1 _aRU
_bProSoft-M
_2rusmarc
852 _aNLR
_bЗем
_j45-4/О10
899 _aRuMoRGB (1896-1906*)
_jV 262/412
942 _cBOOK